An innovative ecobiological wound repair cream that restores the microbiome (notice n° 1639462)
[ vue normale ]
| 000 -LEADER | |
|---|---|
| fixed length control field | 03033cam a2200385 4500500 |
| 005 - DATE AND TIME OF LATEST TRANSACTION | |
| control field | 20260201051306.0 |
| 041 ## - LANGUAGE CODE | |
| Language code of text/sound track or separate title | fre |
| 042 ## - AUTHENTICATION CODE | |
| Authentication code | dc |
| 100 10 - MAIN ENTRY--PERSONAL NAME | |
| Personal name | Polena, Helena |
| Relator term | author |
| 245 00 - TITLE STATEMENT | |
| Title | An innovative ecobiological wound repair cream that restores the microbiome |
| 260 ## - PUBLICATION, DISTRIBUTION, ETC. | |
| Date of publication, distribution, etc. | 2026.<br/> |
| 500 ## - GENERAL NOTE | |
| General note | 10 |
| 520 ## - SUMMARY, ETC. | |
| Summary, etc. | BackgroundSmall everyday wounds would benefit from optimal healing conditions, and the role of the microbiome in this process is being increasingly discussed. Objectives: To evaluate a wound repair cream (Cicabio Crème+, NAOS Ecobiology Company, Bioderma, France), assessing its effects on the skin microbiome and wound healing.Materials & MethodsThe impact on the microbiome was evaluated by monitoring restoration of diversity after disinfection. The efficacy of the repair complex was assessed ex vivo using a 3D wound-healing human skin model to analyse closure and protein expression. Short-term evaluation of adherence, gas permeability, wound protection, and hydration was assessed. In vivo efficacy was examined through two clinical studies: one on healing erosive areas and another after chemical peel.ResultsAfter disinfection, the cream accelerated restoration of microbiome diversity (+31%, p=0.001) without promoting pathogenic/commensal bacteria or altering the level of Staphylococcus epidermidis (p=0.193). In a 3D wound-healing model, the repair complex enhanced wound closure, promoting protein expression (Ki67, loricrin, CD44, collagen XVII, VII, III) and re-epithelialisation. The cream adhered to the skin, allowed gas exchange, and provided protection and hydration. In vivo, the cream reduced transepidermal water loss (day 4: p=0.016; day 7: p=0.014), erythema (day 7: p=0.023), and functional signs (day 4: p=0.032) of erosive wounds. Following chemical peels, the cream reduced inflammation (day 7: p=0.037), visible damage (day 7: p=0.029), and skin pH (day 1: pConclusionWe demonstrate, for the first time, protection of microbiome diversity, stimulation of wound closure, and preservation of skin pH using a wound repair cream. |
| 690 ## - LOCAL SUBJECT ADDED ENTRY--TOPICAL TERM (OCLC, RLIN) | |
| Topical term or geographic name as entry element | 3D skin model |
| 690 ## - LOCAL SUBJECT ADDED ENTRY--TOPICAL TERM (OCLC, RLIN) | |
| Topical term or geographic name as entry element | chemical peel |
| 690 ## - LOCAL SUBJECT ADDED ENTRY--TOPICAL TERM (OCLC, RLIN) | |
| Topical term or geographic name as entry element | clinical evaluation |
| 690 ## - LOCAL SUBJECT ADDED ENTRY--TOPICAL TERM (OCLC, RLIN) | |
| Topical term or geographic name as entry element | microbiome |
| 690 ## - LOCAL SUBJECT ADDED ENTRY--TOPICAL TERM (OCLC, RLIN) | |
| Topical term or geographic name as entry element | wound healing |
| 700 10 - ADDED ENTRY--PERSONAL NAME | |
| Personal name | Callejon, Sylvie |
| Relator term | author |
| 700 10 - ADDED ENTRY--PERSONAL NAME | |
| Personal name | Salvert, Marie |
| Relator term | author |
| 700 10 - ADDED ENTRY--PERSONAL NAME | |
| Personal name | Abric, Elise |
| Relator term | author |
| 700 10 - ADDED ENTRY--PERSONAL NAME | |
| Personal name | Buisson, Armonie |
| Relator term | author |
| 700 10 - ADDED ENTRY--PERSONAL NAME | |
| Personal name | Cadars, Benoît |
| Relator term | author |
| 700 10 - ADDED ENTRY--PERSONAL NAME | |
| Personal name | Giraud, Félix |
| Relator term | author |
| 700 10 - ADDED ENTRY--PERSONAL NAME | |
| Personal name | Scalia, Julie |
| Relator term | author |
| 700 10 - ADDED ENTRY--PERSONAL NAME | |
| Personal name | Remoue, Noëlle |
| Relator term | author |
| 700 10 - ADDED ENTRY--PERSONAL NAME | |
| Personal name | Ardiet, Nathalie |
| Relator term | author |
| 700 10 - ADDED ENTRY--PERSONAL NAME | |
| Personal name | Sayag, Michèle |
| Relator term | author |
| 700 10 - ADDED ENTRY--PERSONAL NAME | |
| Personal name | Trompezinski, Sandra |
| Relator term | author |
| 700 10 - ADDED ENTRY--PERSONAL NAME | |
| Personal name | Prestat-Marquis, Elodie |
| Relator term | author |
| 700 10 - ADDED ENTRY--PERSONAL NAME | |
| Personal name | Dréno, Brigitte |
| Relator term | author |
| 700 10 - ADDED ENTRY--PERSONAL NAME | |
| Personal name | Graizeau, Christelle |
| Relator term | author |
| 786 0# - DATA SOURCE ENTRY | |
| Note | European Journal of Dermatology | 35 | 6 | 2026-01-29 | p. 508-518 | 1167-1122 |
| 856 41 - ELECTRONIC LOCATION AND ACCESS | |
| Uniform Resource Identifier | <a href="https://stm.cairn.info/journal-european-journal-of-dermatology-2025-6-page-508?lang=en&redirect-ssocas=7080">https://stm.cairn.info/journal-european-journal-of-dermatology-2025-6-page-508?lang=en&redirect-ssocas=7080</a> |
Pas d'exemplaire disponible.




Réseaux sociaux